[Event "Saint Louis Spring-B"]
[Site "Saint Louis"]
[Date "2024.04.19"]
[Round "9"]
[White "Chandra, Akshat"]
[Black "Raja, Harshit"]
[Result "1-0"]
[WhiteElo "2489"]
[BlackElo "2458"]
[PlyCount "151"]
[EventDate "2024.04.11"]
[EventType "tourn"]
[EventRounds "9"]
[EventCountry "USA"]
[EventCategory "10"]
[SourceTitle "CB17_2024"]
[SourceDate "2024.04.24"]
[SourceVersion "1"]
[SourceVersionDate "2024.04.24"]
[SourceQuality "1"]

1. e4 e5 2. Nf3 Nc6 3. Bc4 Nf6 4. d3 Bc5 5. 0-0 d6 6. c3 h6 7. Re1 0-0 8. b4 Bb6 9. Nbd2 a5 10. b5 Ne7 11. d4 Ng6 12. Bf1 d5 13. exd5 exd4 14. c4 a4 15. Ba3 Re8 16. Rxe8+ Qxe8 17. Qc2 Bg4 18. Re1 Qd7 19. c5 Bf5 20. Qb2 Ba5 21. c6 Qxd5 22. cxb7 Qxb7 23. Nxd4 Bd7 24. Rc1 Ne5 25. Nc4 Nxc4 26. Rxc4 Bb6 27. Bc5 Bxc5 28. Rxc5 Qb6 29. Qc2 Rd8 30. Nf3 Be8 31. h3 a3 32. Rc3 Bxb5 33. Bxb5 Qxb5 34. Rxa3 c5 35. Rc3 Rc8 36. Nd4 Qe8 37. Rxc5 Qe1+ 38. Kh2 Rxc5 39. Qxc5 Qxf2 40. Qc8+ Kh7 41. Qc2+ Qxc2 42. Nxc2 Nd5 43. a4 Kg6 44. Kg3 Kf5 45. Kf3 Ke5 46. a5 Nc7 47. Nb4 Kd6 48. Ke4 Kc5 49. Nd3+ Kb5 50. Ke5 Ne8 51. Kd5 Kxa5 52. Kc6 Nf6 53. Kd6 Kb5 54. Ke7 Nd5+ 55. Kxf7 Kc4 56. Ne1 Kd4 57. Kxg7 Ke3 58. Kxh6 Kf4 59. Nd3+ Kg3 60. Kg5 Nc3 61. Nc5 Nb5 62. h4 Nd6 63. h5 Nf7+ 64. Kf6 Nh6 65. Kg5 Nf7+ 66. Kf6 Nh6 67. Kg6 Ng4 68. Kg5 Ne5 69. Ne4+ Kxg2 70. Nd6 Nd7 71. h6 Nf8 72. Kf6 Kf3 73. Kg7 Ne6+ 74. Kg8 Ng5 75. Nf7 Ne4 76. Kg7 1-0

[Event "Saint Louis Winter Blitz"]
[Site "Saint Louis"]
[Date "2023.12.20"]
[Round "4.5"]
[White "Akobian, Varuzhan"]
[Black "Raja, Harshit"]
[Result "1-0"]
[WhiteElo "2576"]
[BlackElo "2509"]
[PlyCount "95"]
[EventDate "2023.12.20"]
[EventType "schev (blitz)"]
[EventRounds "12"]
[EventCountry "USA"]
[SourceTitle "CB52_2023"]
[SourceDate "2023.12.27"]
[SourceVersion "1"]
[SourceVersionDate "2023.12.27"]
[SourceQuality "1"]
[WhiteTeam "Team B"]
[BlackTeam "Team A"]
[WhiteTeamCountry "USA"]
[BlackTeamCountry "USA"]

1. d4 Nf6 2. c4 e6 3. Nf3 d5 4. Nc3 c5 5. e3 Nc6 6. a3 h6 7. h3 a6 8. dxc5 Bxc5 9. b4 Bd6 10. Bb2 0-0 11. Rc1 Qe7 12. cxd5 exd5 13. Nxd5 Nxd5 14. Qxd5 Be6 15. Qe4 f5 16. Qxe6+ Qxe6 17. Bc4 Rae8 18. 0-0 f4 19. e4 Kh7 20. Bxe6 Rxe6 21. Rfe1 Rfe8 22. Rc4 Bb8 23. Kf1 Rd8 24. Nd4 Nxd4 25. Rxd4 Rc8 26. Rd7 Be5 27. Bxe5 Rxe5 28. Rxb7 Rc2 29. a4 Ra2 30. a5 Re6 31. Rb6 Re7 32. Rxa6 Rd7 33. Kg1 Rdd2 34. Rf1 Re2 35. Re6 Rab2 36. Rb6 Rxe4 37. a6 Ra2 38. b5 Rb4 39. Rb7 Rba4 40. Rb1 h5 41. h4 f3 42. gxf3 Rxh4 43. a7 Rha4 44. b6 h4 45. Re7 h3 46. Re4 Ra5 47. b7 Rg5+ 48. Rg4 1-0

[Event "Saint Louis Winter Blitz"]
[Site "Saint Louis"]
[Date "2023.12.20"]
[Round "3.5"]
[White "Raja, Harshit"]
[Black "Akobian, Varuzhan"]
[Result "1/2-1/2"]
[WhiteElo "2509"]
[BlackElo "2576"]
[PlyCount "78"]
[EventDate "2023.12.20"]
[EventType "schev (blitz)"]
[EventRounds "12"]
[EventCountry "USA"]
[SourceTitle "CB52_2023"]
[SourceDate "2023.12.27"]
[SourceVersion "1"]
[SourceVersionDate "2023.12.27"]
[SourceQuality "1"]
[WhiteTeam "Team A"]
[BlackTeam "Team B"]
[WhiteTeamCountry "USA"]
[BlackTeamCountry "USA"]

1. e4 d6 2. d4 Nf6 3. Nc3 c6 4. Be2 e5 5. Nf3 Qc7 6. Be3 b5 7. 0-0 Be7 8. Bd3 Bg4 9. h3 Bh5 10. Ne2 Bxf3 11. gxf3 Nbd7 12. c4 b4 13. f4 c5 14. fxe5 dxe5 15. dxe5 Nxe5 16. f4 Nxd3 17. Qxd3 Rd8 18. Qc2 0-0 19. Ng3 g6 20. Rad1 Qc8 21. Kh2 Rxd1 22. Rxd1 Rd8 23. e5 Ne8 24. Rxd8 Qxd8 25. Qd2 Qxd2+ 26. Bxd2 f5 27. Nf1 Nc7 28. Ne3 Ne6 29. Nd5 Bd8 30. Kg2 Kf7 31. Be3 a5 32. a4 h6 33. Kf3 g5 34. Bf2 Kg6 35. b3 Kh5 36. Be3 Kg6 37. Kg3 Kh5 38. Kf3 Kh4 39. Kg2 Kh5 1/2-1/2

[Event "Saint Louis Winter Blitz"]
[Site "Saint Louis"]
[Date "2023.12.20"]
[Round "2.5"]
[White "Raja, Harshit"]
[Black "Batsuren, Dambasuren"]
[Result "1-0"]
[WhiteElo "2509"]
[BlackElo "2523"]
[PlyCount "83"]
[EventDate "2023.12.20"]
[EventType "schev (blitz)"]
[EventRounds "12"]
[EventCountry "USA"]
[SourceTitle "CB52_2023"]
[SourceDate "2023.12.27"]
[SourceVersion "1"]
[SourceVersionDate "2023.12.27"]
[SourceQuality "1"]
[WhiteTeam "Team A"]
[BlackTeam "Team B"]
[WhiteTeamCountry "USA"]
[BlackTeamCountry "USA"]

1. e4 e5 2. Nf3 Nc6 3. Bb5 a6 4. Ba4 Nf6 5. 0-0 Be7 6. d3 b5 7. Bb3 d6 8. a3 Be6 9. Nc3 Bxb3 10. cxb3 0-0 11. Bg5 Nd7 12. Be3 Nf6 13. Rc1 Nb8 14. d4 Nbd7 15. dxe5 dxe5 16. Nd5 Nxd5 17. Qxd5 Bd6 18. Rfd1 Nf6 19. Qc6 Qe8 20. Qc2 Qe6 21. Bg5 Nd7 22. b4 h6 23. Be3 Nf6 24. h3 a5 25. bxa5 Rxa5 26. Nh4 Ra4 27. f3 Rc4 28. Qe2 Rxc1 29. Rxc1 Rb8 30. Nf5 b4 31. a4 Qa2 32. Qd2 Bf8 33. Rxc7 Qxa4 34. Kh2 b3 35. Qc3 Qb5 36. Bc5 Ne8 37. Bxf8 Nxc7 38. Bxg7 Ne6 39. Bxe5 Rd8 40. Nxh6+ Kf8 41. Nf5 Qd3 42. Bd6+ 1-0

[Event "Saint Louis Winter Rapid"]
[Site "Saint Louis"]
[Date "2023.12.19"]
[Round "3.5"]
[White "Chandra, Akshat"]
[Black "Raja, Harshit"]
[Result "0-1"]
[WhiteElo "2486"]
[BlackElo "2509"]
[PlyCount "78"]
[EventDate "2023.12.19"]
[EventType "schev (rapid)"]
[EventRounds "6"]
[EventCountry "USA"]
[SourceTitle "CB52_2023"]
[SourceDate "2023.12.27"]
[SourceVersion "1"]
[SourceVersionDate "2023.12.27"]
[SourceQuality "1"]
[WhiteTeam "Team B"]
[BlackTeam "Team A"]
[WhiteTeamCountry "USA"]
[BlackTeamCountry "USA"]

1. d4 Nf6 2. c4 e6 3. Nf3 d5 4. Nc3 c5 5. cxd5 cxd4 6. Qxd4 exd5 7. Bg5 Be7 8. e3 0-0 9. Be2 Be6 10. 0-0 Nc6 11. Qd3 h6 12. Bh4 Qb6 13. h3 Rfd8 14. Rfd1 Rac8 15. a3 d4 16. exd4 Qxb2 17. Rdb1 Nb4 18. Rxb2 Nxd3 19. Rxb7 Kf8 20. Nb5 Nf4 21. Bf1 Bd5 22. Rxa7 g5 23. Bg3 Nxh3+ 24. gxh3 Bxf3 25. a4 Rc2 26. Bg2 Bxg2 27. Kxg2 h5 28. Re1 Nd5 29. a5 h4 30. Bh2 Rb2 31. Nc3 Bb4 32. Nxd5 Bxe1 33. Nb6 Bxf2 34. Bc7 Bg3+ 35. Kf3 Bxc7 36. Rxc7 Rxd4 37. a6 Rb3+ 38. Ke2 Rxb6 39. a7 Rd8 0-1

[Event "Edward Lasker Memorial 107th"]
[Site "New York"]
[Date "2023.12.10"]
[Round "5"]
[White "Putnam, Liam H"]
[Black "Raja, Harshit"]
[Result "0-1"]
[WhiteElo "2348"]
[BlackElo "2509"]
[PlyCount "84"]
[EventDate "2023.12.07"]
[EventType "swiss"]
[EventRounds "6"]
[EventCountry "USA"]
[SourceTitle "CB50_2023"]
[SourceDate "2023.12.13"]
[SourceVersion "1"]
[SourceVersionDate "2023.12.13"]
[SourceQuality "1"]

1. e4 c5 2. Nf3 d6 3. d4 cxd4 4. Nxd4 Nf6 5. Nc3 a6 6. Nb3 Nc6 7. Be3 Ng4 8. Bc1 Nf6 9. Be3 Ng4 10. Bc1 g6 11. h3 Nf6 12. g4 b5 13. Bg2 Bb7 14. a4 b4 15. Nd5 Bg7 16. a5 0-0 17. Ra4 e6 18. Nxb4 Ne5 19. Nd3 Bc6 20. Rb4 Nxd3+ 21. Qxd3 d5 22. Rb6 Bb5 23. Rxb5 axb5 24. exd5 Nxd5 25. Qxb5 Qc7 26. Be4 Rab8 27. Qd3 Nb4 28. Qe2 f5 29. Bd3 Nxd3+ 30. Qxd3 Rfc8 31. 0-0 Qxc2 32. Qxc2 Rxc2 33. Na1 Rc5 34. b4 Rc4 35. Ba3 Rc3 36. Bb2 Rxh3 37. Bxg7 Kxg7 38. Rb1 Ra3 39. gxf5 exf5 40. Rd1 Rxb4 41. Nc2 Rg4+ 42. Kf1 Rxa5 0-1

[Event "Titled Tuesday intern op 19th Sep Early"]
[Site "Chess.com INT"]
[Date "2023.09.19"]
[Round "2"]
[White "Shevchuk, Olexandr"]
[Black "Raja, Harshit"]
[Result "0-1"]
[WhiteElo "2093"]
[BlackElo "2509"]
[PlyCount "142"]
[EventDate "2023.09.19"]
[EventType "swiss (blitz)"]
[EventRounds "11"]
[EventCountry "USA"]
[SourceTitle "EXT 2024"]
[Source "ChessBase"]
[SourceDate "2023.10.10"]
[SourceVersion "1"]
[SourceVersionDate "2023.10.10"]
[SourceQuality "1"]

1. d4 Nf6 2. c4 g6 3. g3 Bg7 4. Bg2 0-0 5. Nc3 c6 6. e4 d6 7. Nf3 e5 8. 0-0 Nbd7 9. h3 Qc7 10. Be3 Re8 11. Qc2 a6 12. Rfd1 exd4 13. Nxd4 Nc5 14. Rac1 Bd7 15. Kh2 Rad8 16. b3 Bc8 17. Rd2 h5 18. Bg5 Re5 19. f4 Rxg5 20. fxg5 Nfd7 21. Rcd1 Ne5 22. Nce2 Qe7 23. Nf3 Nxf3+ 24. Bxf3 Qxg5 25. Rxd6 Rxd6 26. Rxd6 Be5 27. Rd1 h4 28. Qd2 Bxg3+ 29. Kh1 Qxd2 30. Rxd2 Bc7 31. Kg2 Kg7 32. Rd1 a5 33. Nd4 Be5 34. Nc2 Ne6 35. Bg4 f5 36. exf5 Nf4+ 37. Kh1 gxf5 38. Bf3 Nxh3 39. Re1 Kf6 40. Ne3 Nf2+ 41. Kg2 Nd3 42. Rh1 h3+ 43. Kf1 Nf4 44. Nd1 Kg5 45. Nf2 Kh4 46. Bg2 Kg3 47. Bxh3 Bd4 48. Rg1+ Kf3 49. Bg2+ Ke3 50. Rh1 Be6 51. Rh6 a4 52. Nh3 Bg8 53. Nxf4 Kxf4 54. Rh4+ Ke3 55. Rh8 Bf7 56. Rf8 Bg6 57. Rb8 b6 58. Rc8 f4 59. Rxc6 Bd3+ 60. Kg1 f3 61. Re6+ Kd2+ 62. Kh2 fxg2 63. Kxg2 a3 64. Kf3 Kc3 65. Rc6 Kb2 66. b4 Kxa2 67. c5 bxc5 68. bxc5 Kb3 69. Rd6 Kc4 70. c6 Bb6 71. Rd8 Bxd8 0-1

[Event "Sunnyvale Silicon Valley Fall op"]
[Site "Sunnyvale"]
[Date "2023.09.04"]
[Round "8"]
[White "Gutla, Aryan"]
[Black "Raja, Harshit"]
[Result "0-1"]
[WhiteElo "2290"]
[BlackElo "2509"]
[PlyCount "116"]
[EventDate "2023.08.31"]
[EventType "swiss"]
[EventRounds "9"]
[EventCountry "USA"]
[SourceTitle "EXT 2024"]
[Source "ChessBase"]
[SourceDate "2023.10.10"]
[SourceVersion "1"]
[SourceVersionDate "2023.10.10"]
[SourceQuality "1"]

1. d4 Nf6 2. c4 e6 3. Nf3 d5 4. g3 Bb4+ 5. Bd2 a5 6. Bg2 0-0 7. Qc2 Be7 8. 0-0 c6 9. Bf4 Nbd7 10. Rd1 b6 11. Nbd2 Nh5 12. e3 Bb7 13. cxd5 cxd5 14. Qc7 Nxf4 15. Qxb7 Nxg2 16. Kxg2 Qc8 17. Qxc8 Rfxc8 18. Rac1 b5 19. Nb3 a4 20. Rxc8+ Rxc8 21. Rc1 Rc4 22. Rxc4 dxc4 23. Nc1 Nb6 24. Nd2 Nd5 25. Nb1 f5 26. Ne2 b4 27. Kf1 g5 28. a3 Kf7 29. axb4 Bxb4 30. Nc1 c3 31. bxc3 Nxc3 32. Nxc3 Bxc3 33. Ke2 g4 34. Kd3 Be1 35. Ke2 Ba5 36. Kd3 Ke7 37. Kc4 Kd6 38. Nd3 Bd2 39. Nf4 e5 40. Ng2 exd4 41. exd4 a3 42. Kb3 Kd5 43. Ne3+ Kxd4 44. Nxf5+ Ke5 45. Nh4 Ke4 46. Kxa3 Bg5 47. Ng2 Kf3 48. Ne1+ Ke2 49. Ng2 Kf3 50. Ne1+ Kxf2 51. Nd3+ Kg2 52. Nf4+ Kxh2 53. Nh5 Bh4 54. Kb3 Bxg3 55. Nf6 h5 56. Kc2 Be5 57. Nxh5 Kh3 58. Kd3 Kh4 0-1

[Event "Sunnyvale Silicon Valley Fall op"]
[Site "Sunnyvale"]
[Date "2023.09.03"]
[Round "6"]
[White "Heimann, Mark A"]
[Black "Raja, Harshit"]
[Result "1/2-1/2"]
[WhiteElo "2435"]
[BlackElo "2509"]
[PlyCount "120"]
[EventDate "2023.08.31"]
[EventType "swiss"]
[EventRounds "9"]
[EventCountry "USA"]
[SourceTitle "EXT 2024"]
[Source "ChessBase"]
[SourceDate "2023.10.10"]
[SourceVersion "1"]
[SourceVersionDate "2023.10.10"]
[SourceQuality "1"]

1. Nf3 d5 2. g3 g6 3. Bg2 Bg7 4. d4 Nf6 5. 0-0 0-0 6. c4 dxc4 7. Na3 a5 8. Ne5 c6 9. Naxc4 Be6 10. Qd3 Nfd7 11. Nf3 Bf5 12. Qa3 b5 13. Nce5 Nb6 14. Bd2 b4 15. Qb3 Be4 16. Qe3 Bd5 17. b3 Na6 18. Rac1 Qd6 19. Qf4 c5 20. e4 Bb7 21. Be3 cxd4 22. Bxd4 Nd7 23. Nxd7 Qxd7 24. Bxg7 Kxg7 25. Rfd1 Qe6 26. Ng5 Qf6 27. Qxf6+ exf6 28. Rd7 fxg5 29. Rxb7 Rac8 30. Rxc8 Rxc8 31. e5 Rc7 32. Rb6 Rc1+ 33. Bf1 Nc5 34. Kg2 Rc2 35. Rb5 g4 36. Rxa5 Ne6 37. Bc4 Ng5 38. Ra7 Kf8 39. Ra8+ Kg7 40. Ra7 Kf8 41. Kf1 h5 42. Ke1 Ke8 43. Bb5+ Kf8 44. Bc4 Ke8 45. Be2 Rb2 46. Ra4 Ke7 47. Rxb4 Rxa2 48. Rb6 Rb2 49. b4 Kd7 50. Kd1 Ne4 51. Bc4 Kc7 52. Ra6 Nxf2+ 53. Kc1 Rxb4 54. Bxf7 Nd3+ 55. Kc2 Nxe5 56. Bxg6 Nf3 57. Bxh5 Nxh2 58. Rg6 Nf1 59. Rxg4 Ne3+ 60. Kc3 Rxg4 1/2-1/2

[Event "Sunnyvale Silicon Valley Fall op"]
[Site "Sunnyvale"]
[Date "2023.09.01"]
[Round "3"]
[White "Raja, Harshit"]
[Black "Corrales Jimenez, Fidel"]
[Result "1/2-1/2"]
[WhiteElo "2509"]
[BlackElo "2533"]
[PlyCount "37"]
[EventDate "2023.08.31"]
[EventType "swiss"]
[EventRounds "9"]
[EventCountry "USA"]
[SourceTitle "EXT 2024"]
[Source "ChessBase"]
[SourceDate "2023.10.10"]
[SourceVersion "1"]
[SourceVersionDate "2023.10.10"]
[SourceQuality "1"]

1. e4 e5 2. Nf3 Nc6 3. Bb5 Nf6 4. 0-0 Nxe4 5. Re1 Nd6 6. Nxe5 Be7 7. Bf1 Nxe5 8. Rxe5 0-0 9. d4 Bf6 10. Re1 Re8 11. Bf4 Rxe1 12. Qxe1 Ne8 13. Nc3 Bxd4 14. Nd5 d6 15. Bg5 f6 16. Bc4 Kf8 17. Qe4 fxg5 18. Qxd4 c6 19. Re1 1/2-1/2

[Event "Sunnyvale Silicon Valley Fall op"]
[Site "Sunnyvale"]
[Date "2023.09.01"]
[Round "2"]
[White "Wu, Sibo"]
[Black "Raja, Harshit"]
[Result "0-1"]
[WhiteElo "2082"]
[BlackElo "2509"]
[PlyCount "42"]
[EventDate "2023.08.31"]
[EventType "swiss"]
[EventRounds "9"]
[EventCountry "USA"]
[SourceTitle "EXT 2024"]
[Source "ChessBase"]
[SourceDate "2023.10.10"]
[SourceVersion "1"]
[SourceVersionDate "2023.10.10"]
[SourceQuality "1"]

1. d4 Nf6 2. Nf3 g6 3. Nbd2 Bg7 4. e4 0-0 5. Bd3 c5 6. c3 d5 7. e5 Nh5 8. Nf1 Nc6 9. h3 f6 10. g4 fxe5 11. gxh5 e4 12. Ng5 exd3 13. Nxh7 Rf5 14. Ng3 Kxh7 15. hxg6+ Kg8 16. Nxf5 Bxf5 17. Qh5 Qd7 18. Qh7+ Kf8 19. Bh6 Qe6+ 20. Be3 cxd4 21. cxd4 Nxd4 0-1

[Event "Leca da Palmeira 2nd"]
[Site "Leca da Palmeira"]
[Date "2023.08.03"]
[Round "6"]
[White "Raja, Harshit"]
[Black "Ferreira, Paulo"]
[Result "1-0"]
[WhiteElo "2510"]
[BlackElo "2020"]
[PlyCount "59"]
[EventDate "2023.07.31"]
[EventType "swiss"]
[EventRounds "9"]
[EventCountry "POR"]
[SourceTitle "CBM 215 Extra"]
[Source "ChessBase"]
[SourceDate "2023.09.30"]
[SourceVersion "1"]
[SourceVersionDate "2023.09.30"]
[SourceQuality "1"]

1. e4 c5 2. Nf3 a6 3. c3 d6 4. d4 cxd4 5. cxd4 e6 6. Nc3 Nf6 7. Bd3 Nbd7 8. 0-0 e5 9. Bc4 h6 10. dxe5 dxe5 11. Qb3 Qe7 12. Be3 g5 13. Nd5 Nxd5 14. Bxd5 Bg7 15. Rac1 0-0 16. Rfd1 a5 17. a3 a4 18. Qb5 g4 19. Nd2 h5 20. Nc4 Kh8 21. Bd2 Qf6 22. Bb4 h4 23. Nd6 Bh6 24. Rc3 g3 25. hxg3 Nb6 26. Rf3 Nxd5 27. Rxf6 Nxf6 28. Qxe5 Bg7 29. Bc3 Bg4 30. Qg5 1-0

[Event "POR-chT"]
[Site "Sao Joao da Madeira"]
[Date "2023.07.20"]
[Round "5.5"]
[White "Martins, Bruno Andre Leite"]
[Black "Raja, Harshit"]
[Result "0-1"]
[WhiteElo "2342"]
[BlackElo "2510"]
[PlyCount "66"]
[EventDate "2023.07.17"]
[EventType "team-tourn"]
[EventRounds "9"]
[EventCountry "POR"]
[SourceTitle "CBM 215 Extra"]
[Source "ChessBase"]
[SourceDate "2023.09.30"]
[SourceVersion "1"]
[SourceVersionDate "2023.09.30"]
[SourceQuality "1"]
[WhiteTeam "Montemor o Novo"]
[BlackTeam "Dias Ferreira"]
[WhiteTeamCountry "POR"]
[BlackTeamCountry "POR"]

1. e4 c5 2. Nf3 d6 3. d4 cxd4 4. Nxd4 Nf6 5. Nc3 Nc6 6. Bg5 g6 7. Bxf6 exf6 8. Bb5 Bd7 9. Bc4 Bg7 10. 0-0 0-0 11. Nxc6 Bxc6 12. Qd3 Rc8 13. Rad1 Re8 14. Nd5 a5 15. c3 a4 16. a3 Qa5 17. Qf3 Re6 18. Qd3 Qc5 19. Rfe1 Re5 20. Re3 Rce8 21. Ba2 b5 22. h3 Kf8 23. Nc7 R8e7 24. Nd5 Bxd5 25. Bxd5 f5 26. Rde1 Bf6 27. Ba2 fxe4 28. Rxe4 Bh4 29. R4e3 Rf5 30. Rf1 Bxf2+ 31. Rxf2 Rxe3 32. Qf1 Rxf2 33. Kxf2 Rxc3+ 0-1

[Event "POR-chT"]
[Site "Sao Joao da Madeira"]
[Date "2023.07.20"]
[Round "6.2"]
[White "Raja, Harshit"]
[Black "Loeffler, Stefan"]
[Result "1-0"]
[WhiteElo "2510"]
[BlackElo "2352"]
[PlyCount "65"]
[EventDate "2023.07.17"]
[EventType "team-tourn"]
[EventRounds "9"]
[EventCountry "POR"]
[SourceTitle "CBM 215 Extra"]
[Source "ChessBase"]
[SourceDate "2023.09.30"]
[SourceVersion "1"]
[SourceVersionDate "2023.09.30"]
[SourceQuality "1"]
[WhiteTeam "Dias Ferreira"]
[BlackTeam "Montemor o Velho"]
[WhiteTeamCountry "POR"]
[BlackTeamCountry "POR"]

1. e4 c6 2. d4 d5 3. Nc3 dxe4 4. Nxe4 Bf5 5. Ng3 Bg6 6. Nf3 Nd7 7. h4 h6 8. h5 Bh7 9. Bd3 Bxd3 10. Qxd3 e6 11. Bf4 Qa5+ 12. c3 Ngf6 13. a4 Nd5 14. Bd2 Qc7 15. Ne4 a5 16. Kf1 f5 17. Neg5 hxg5 18. Nxg5 Rh6 19. Re1 0-0-0 20. Nxe6 Rxe6 21. Rxe6 Nf4 22. Bxf4 Qxf4 23. g3 Qc1+ 24. Kg2 Qxb2 25. Rb1 Qa2 26. Qxf5 Bb4 27. cxb4 Rf8 28. Qe4 Rxf2+ 29. Kh3 axb4 30. Re8+ Kc7 31. Re7 Kd6 32. Rxd7+ Kxd7 33. Rxb4 1-0

[Event "POR-chT"]
[Site "Sao Joao da Madeira"]
[Date "2023.07.17"]
[Round "1.4"]
[White "Raja, Harshit"]
[Black "Ribeiro, Gustavo"]
[Result "1-0"]
[WhiteElo "2510"]
[BlackElo "1876"]
[PlyCount "93"]
[EventDate "2023.07.17"]
[EventType "team-tourn"]
[EventRounds "9"]
[EventCountry "POR"]
[SourceTitle "CBM 215 Extra"]
[Source "ChessBase"]
[SourceDate "2023.09.30"]
[SourceVersion "1"]
[SourceVersionDate "2023.09.30"]
[SourceQuality "1"]
[WhiteTeam "Dias Ferreira"]
[BlackTeam "Tessera"]
[WhiteTeamCountry "POR"]
[BlackTeamCountry "POR"]

1. e4 c5 2. Nf3 d6 3. d4 cxd4 4. Nxd4 Nf6 5. Nc3 a6 6. Bg5 e6 7. Qe2 Be7 8. f4 h6 9. Bxf6 Bxf6 10. 0-0-0 Qc7 11. f5 Nc6 12. Nb3 Bxc3 13. bxc3 Ne5 14. Qf2 Ke7 15. c4 b6 16. Be2 Bb7 17. Rhf1 Rhg8 18. Nd4 Kd7 19. fxe6+ fxe6 20. Bg4 Rae8 21. Nxe6 Rxe6 22. Qf7+ Nxf7 23. Rxf7+ Kd8 24. Rxc7 Kxc7 25. Bxe6 Re8 26. Bd5 Bxd5 27. exd5 Re2 28. Rd2 Re1+ 29. Kb2 Kd7 30. Kc3 Ra1 31. Rf2 Ke7 32. Re2+ Kd7 33. Re6 Rf1 34. Rg6 Rf7 35. Kb4 Kc7 36. a4 a5+ 37. Kb5 Re7 38. h4 h5 39. Ka6 Rd7 40. Re6 Rf7 41. Kb5 Rd7 42. g3 Rf7 43. Re8 Kb7 44. c5 dxc5 45. d6 Rd7 46. Re7 Kc8 47. Kc6 1-0